On Artistic Modernism in Eastern Europe

Titel: On Artistic Modernism in Eastern Europe
Verfasser:
In: East central Europe, Band 27, Heft 2 (2000), Seite 189-192
alle Artikel anzeigen
Veröffentlicht: 2000
Format: Aufsatz
Sprache: Englisch
Kein Bild verfügbar
X
alg: 39493770
001A    $01999:12-11-16 
001B    $01999:04-08-21 $t20:59:49.000 
001C    $06050:19-11-16 $t08:42:08.000 
001D    $01999:12-11-16 
001U    $0utf8 
001X    $00 
002@    $0Aox 
003@    $0394937708 
007A    $0394937708 $aHEB 
007T    $0Herd35346 
010@    $aeng 
011@    $a2000 
021A    $aOn Artistic Modernism in Eastern Europe 
028A    $aCârneci $dMagda 
031A    $d27 $e2 $h189-192 $j2000 
039B    $aIn $8--Abvc--. East central Europe. - Leiden : Brill, 1974-. - ISSN 0094-3037 $x200000000270002811 $9047226099 
039T    $8--Aay--Mansbach, Steven A.$Z1950- [Tp1]. Modern art in Eastern Europe. - Cambridge {[u.a.] : Cambridge Univ. Press, 1999. - XVI, 384 S.. - zahlr. Ill., Kt.. - ISBN 0-521-45085-3 $9072320788 
045F    $a900.9437 $eDDC23BSB 
045F/01 $a900 
045F/03 $g437 
045T    $a7,41 

lok: 39493770 78

exp: 39493770 78 1 #EPN
201B/01 $018-11-16 $t13:12:02.000 
201U/01 $0utf8 
203@/01 $0791236293 
208@/01 $a12-11-16 $be 
209A/01 $a/ $f000 $x00 
220C/01 $aTitelaufnehmer: cs 
244Z/01 $2Trx $#Kesk- ja Ida- Euroopa kontseptsioonid $#Vidurio Europos koncepcijos $#East-Central Europe $#Keletközépeurópa-eszmék $#Europa Środkowo-Wschodnia koncepcje $#Európa stredovýchodná koncepcie $#Evropa střední, východní část koncepce $#Mitteleuropa $#Osteuropakonzeptionen $#Europa Środkowa koncepcje $#Stredná Európa koncepcie $#Střední Europa koncepce $8--Trx--Ostmitteleuropakonzeptionen $x01 $9391364286 
244Z/01 $2Trx $#arvustused $#recenzijos $#Reviews $#recenziók $#recenzje $#recenzie $#recenze $8--Trx--Rezensionen $x02 $9391357441 
247C/01 $82080>Marburg/Lahn, Herder-Institut, Forschungsbibliothek, Bibliographieportal $9336309341
LEADER 00000caa a22000002c 4500
001 394937708
003 DE-603
005 20210804205949.0
007 tu
008 161112s2000 xx |||| | u00||u|eng c
035 |a (DE-599)HEB394937708 
040 |a DE-603  |b ger  |c DE-603  |d DE-603 
041 |a eng 
082 0 4 |8 1\u  |a 900.9437  |q DE-101  |2 23/BSB 
084 |a 7,41  |2 ssgn 
085 |8 1\u  |b 900 
085 |8 1\u  |z 2  |s 437 
100 1 |a Cârneci, Magda 
245 0 0 |a On Artistic Modernism in Eastern Europe 
264 0 |c 2000 
773 0 8 |i In  |t East central Europe  |d Leiden : Brill, 1974-  |h 24 cm  |x 0094-3037  |g Band 27, Heft 2 (2000), Seite 189-192  |w (DE-603)047226099  |w (DE-600)190826-1 
787 0 8 |i Rezension von  |a Mansbach, Steven A., 1950-  |t Modern art in Eastern Europe  |d Cambridge ˜[u.a.] œ: Cambridge Univ. Press, 1999  |h XVI, 384 S., zahlr. Ill., Kt.  |z 0521450853  |w (DE-603)072320788 
924 0 |9 2080  |a (DE-603)791236293  |b DE-2080  |c HES  |d d  |g /